000 00631cam a22001932 4500
001 0000003484
005 20151217155822.0
008 070508s xx 000 0 eng d
040 _aKABU
_cKABU
050 0 _aKSK1744.52002
_b.A3C66 Suppl.
110 2 _aConstitution of Kenya Review Commission.
_@0000153437
245 1 2 _aA Summary of the proposals :
_bthe draft constitution at a glance.
260 _aNairobi :
_bCKRC,
_c2002.
300 _a28 p.
650 0 _aConstitution (Draft)
_zKenya.
_@0000153438
908 _a070508
950 _@1
999 _c12856
_d12856